Guía para la gestión ambiental municipal / (Registro nro. 241)

Detalles MARC
000 -CABECERA
Campo de control 00885cam a2200217 a 4500
005 - FECHA Y HORA DE LA ULTIMA TRANSACCION
Campo de control 20160420152440.0
008 - ELEMENTOS DE LONGITUD FIJA—INFORMACION GENERAL
Campo de control 980312s1992 ck r 00010 spa d
040 ## - FUENTE DE CATALOGACIÓN
Agencia catalogadora original la
Agencia transcriptora la
Agencia Modificadora CO-BoIAVH
041 0# - IDIOMA
Código de idioma para texto/pista de sonido o título separado Español
044 ## - PAÍS DE PUBLICACIÓN
País de publicación Colombia
082 04 - NUMERO DE CLASIFICACION DECIMAL DEWEY
Número de clasificación 333.72
Número del ítem G89g
245 00 - MENCION DE TITULO
Título Guía para la gestión ambiental municipal /
Mención de responsabilidad coordinación técnica Luis Eduardo Parra ; asesoría general Emilio Latorre ; grupo interdisciplinario Jaime Quijano ... [et al.].
260 ## - PUBLICACION, DISTRIBUCION, ETC. (PIE DE IMPRENTA)
Lugar de publicación, distribución, etc. [Villa de Leyva?] :
Nombre del editor, distribuidor, etc. Colegio Verde de Villa de Leyva,
Fecha de publicación, distribución, etc. 1992.
300 ## - DESCRIPCION FISICA
Extensión 52 páginas :
Otros detalles físicos ilustraciones ;
Dimensiones 28 x 21 centímetros
500 ## - NOTA GENERAL
Nota general Incluye glosario.
500 ## - NOTA GENERAL
Nota general Incluye índice.
650 16 - ASIENTO SECUNDARIO DE MATERIA - TERMINO TEMATICO
Término temático o nombre geográfico como elemento de entrada Control ambiental
Subdivisión geográfica Colombia
Subdivisión de forma Guías, manuales, etc.
9 (RLIN) 66181
650 26 - ASIENTO SECUNDARIO DE MATERIA - TERMINO TEMATICO
Término temático o nombre geográfico como elemento de entrada Gestión ambiental
Subdivisión geográfica Colombia.
9 (RLIN) 66182
650 24 - ASIENTO SECUNDARIO DE MATERIA - TERMINO TEMATICO
Término temático o nombre geográfico como elemento de entrada Protección del medio ambiente
Subdivisión de forma Guías manuales, etc.
9 (RLIN) 66183
942 ## - ELEMENTOS ADICIONALES (KOHA)
Sistema de clasificación Dewey Decimal Classification
Tipo de ítem Libro
Existencias
Withdrawn status Lost status Sistema de Clasificación Damaged status No para préstamo Colección Inventariado Ubicación Permanente Ubicación actual Fecha de adquisición Fuente de Valor Valor Total Checkouts Número topográfico Inventario / Código de Barras Date last seen Ejemplar Price effective from Forma de adquisición Tipo de material
    Dewey Decimal Classification     General Inventariado 2017 Bogotá Bogotá 26/12/1997 Instituto 10000.00   LB-333.72 G89g 003661 04/12/2012 Ej. 1 04/12/2012   Libro